BEITRAG ZUR PHYLOGENESE UND SYSTEMATIK DER ULOTHRICHALES

Bibliographic Details
Main Author: Hindák, František, 1937-2019 (Author)
Format: Article
Language:German

MARC

LEADER 00000nab a2200000uu 4500
001 vtls011452035
003 SK-MaSNL
005 20260303123332.0
008 230213|1962 xo |||||||||||||||||ger|
015 |a SNBRB 
035 |a (urnnbn)urn:nbn:sk:snk:ar-007iwj 
035 |a (uuid)27f3af11-9708-4eb4-8d37-059ce07811cc 
035 |a urn:nbn:sk:snk-abcnuy 
040 |a SNKBUCL  |b slo  |c SNKBUCL  |e AACR2 
041 0 |a ger 
044 |a xo  |c SK 
100 1 |a Hindák, František,  |d 1937-2019  |4 aut  |9 264601 
245 1 0 |a BEITRAG ZUR PHYLOGENESE UND SYSTEMATIK DER ULOTHRICHALES  |c František Hindák 
773 0 |t Biológia : časopis Slovenskej akadémie vied  |g Roč. 17, č. 9 (1962), s. 641-649 
954 |a odborná, vedecká literatúra pôvodná (slovenská)  |2 lita 
958 |a OND 
958 |a EUIPO 
958 |a article16 
999 |c 1925335  |d 1927265